| 000 | 00519nam a2200181 a 4500 | ||
|---|---|---|---|
| 001 | 000019931 | ||
| 005 | 20200929170208.0 | ||
| 008 | 100709s1966 ag r 000 p spa d | ||
| 040 |
_aDO-SdBNP _bspa _cBNPHU |
||
| 082 |
_aCH861 _bP964d |
||
| 245 | 0 | 0 |
_aProgramas : _bdía de la madre y poesía. |
| 250 | _a2a ed. | ||
| 260 |
_aBuenos Aires, Argentina : _bCasa Bautista de Publicaciones, _c1966. |
||
| 300 |
_a62 p. ; _c19 cm. |
||
| 650 | 4 |
_aPoesía chilena _99166 |
|
| 650 | 4 |
_aLiteratura chilena _93164 |
|
| 049 | _aBNGR | ||
| 999 |
_c19444 _d19444 |
||